|
|
|
|
| LEADER |
00000nam a2200000Ii 4500 |
| 001 |
DIGUCAUCA0103 |
| 003 |
NyNyDIG |
| 006 |
m o d |
| 007 |
cr ||||||||||| |
| 008 |
220503s2020 ck a ob 001 0 spa d |
| 035 |
|
|
|a (OCoLC)1301900501
|
| 040 |
|
|
|a DGITA
|b eng
|e rda
|e pn
|c DGITA
|
| 020 |
|
|
|a 9789587324228
|q eBook
|q pdf
|
| 020 |
|
|
|z 9789587324211
|
| 043 |
|
|
|a s-ck---
|
| 050 |
1 |
4 |
|a F2281.P23 ebook
|
| 245 |
0 |
0 |
|a Dinámicas socioculturales y ambientales del Pacífico colombiano :
|b historias y reflexiones más allá del Litoral /
|c Tulio Andrés Clavijo Gallejo, Carlos Enrique Osorio Garcés, Hugo Portela Guarín, (editores)
|
| 250 |
|
|
|a Primera edición en español.
|
| 264 |
|
1 |
|a [Popayán, Colombia] :
|b editorial UC, Editorial Universidad del Cauca,
|c 2020.
|
| 300 |
|
|
|a 1 online resource :
|b illustrations.
|
| 336 |
|
|
|a text
|b txt
|2 rdacontent
|
| 337 |
|
|
|a computer
|b c
|2 rdamedia
|
| 338 |
|
|
|a online resource
|b cr
|2 rdacarrier
|
| 347 |
|
|
|a text file
|2 rdaft
|
| 347 |
|
|
|b PDF
|
| 504 |
|
|
|a Includes bibliographical references and index.
|
| 588 |
0 |
|
|a Online resource; title from PDF title page (Digitalia, viewed May 3, 2022)
|
| 650 |
|
0 |
|a Black people
|z Colombia
|z Pacific Coast Region.
|
| 650 |
|
0 |
|a Human ecology
|z Colombia
|z Pacific Coast Region.
|
| 651 |
|
0 |
|a Pacific Coast Region (Colombia)
|x Social life and customs.
|
| 651 |
|
0 |
|a Pacific Coast Region (Colombia)
|x History.
|
| 655 |
|
0 |
|a Electronic books.
|
| 700 |
1 |
|
|a Clavijo Gallejo, Tulio Andrés,
|e editor.
|
| 700 |
1 |
|
|a Osorio Garcés, Carlos Enrique,
|e editor.
|
| 700 |
1 |
|
|a Portela Guarín, Hugo,
|e editor.
|
| 791 |
2 |
|
|a Digitalia (Firm),
|e distributor.
|
| 793 |
0 |
|
|g Digitalia eBook Collection:
|a Editorial Universidad del Cauca
|
| 776 |
0 |
8 |
|i Print version:
|t Dinámicas socioculturales y ambientales del Pacífico colombiano.
|b Primera edición en español.
|d [Popayán, Colombia] : editorial UC, Editorial Universidad del Cauca, 2020
|z 9789587324211
|
| 856 |
4 |
0 |
|3 Digitalia Hispánica
|u https://www.digitaliapublishing.com/a/111394/
|
| 910 |
|
|
|a Premium collection: 2022
|